Normal view
MARC view
- Euroconstruct
Entry Corporate Name
001 - CONTROL NUMBER
- control field: 4827
003 - CONTROL NUMBER IDENTIFIER
- control field: SIRSI
005 - DATE AND TIME OF LATEST TRANSACTION
- control field: 20190806150237.0
008 - FIXED-LENGTH DATA ELEMENTS
- fixed length control field: 051216n| aaannaabn |n ana d
040 ## - CATALOGING SOURCE
- Original cataloging agency: OSt
- Transcribing agency: OSt
110 2# - HEADING--CORPORATE NAME
- Corporate name or jurisdiction name as entry element: Euroconstruct
- Subordinate unit: Conference
- Number of part/section/meeting: (57th :
- Date of meeting or treaty signing: 2004
- Location of meeting: Stockholm)
670 ## - SOURCE DATA FOUND
- Source citation: 57th Euroconstruct Conference, Stockholm, Sweden, 2004